Chilenos famosos por imagen - Estadísticas

Estadísticas generales
  • Esta prueba ha sido intentada 363 veces
  • La puntuación promedio es 10 de 16
Estadísticas de respuestas
Imagen Respuesta % Correcto
Arturo Vidal
92%
Pedro Pascal
89%
Alexis Sánchez
88%
Mon Laferte
72%
Gabriela Mistral
70%
Michelle Bachelet
70%
Violeta Parra
66%
Pablo Neruda
62%
Víctor Jara
62%
Cris MJ
60%
Polimá Westcoast
58%
Jere Klein
53%
Sigrid Alegría
50%
Francisca Valenzuela
42%
Joaquín Niemann
26%
Tom Araya
16%
No se encontraron pruebas coincidentes
Distribución de puntuación
Porcentaje de gente con cada puntuación
Porcentaje por número respondido
Historial de tus puntuaciones
No has intentado esta prueba.